| 000 | 00887nam a2200241 i 4500 | ||
|---|---|---|---|
| 003 | DO-SdBNP | ||
| 005 | 20240116084810.0 | ||
| 007 | ta | ||
| 008 | 240116b1911 dr ||||| |||| 00| 0 spa d | ||
| 040 |
_aDO-SdBNP _bspa _cBNPHU _erda |
||
| 082 | 4 | _222 | |
| 110 | 2 |
_aInstituto Profesional de Santo Domingo _bFacultad de Derecho Civil _984773 |
|
| 245 | 1 | 0 |
_aEstudio crítico del sistema sustentado en la constitución vijente respecto a la nacionalidad de la dominicana por efecto del matrimonio celebrado con un extranjero : _btesis para la licenciatura / _cValentín Giró |
| 264 |
_aSanto Domingo : _bLa Cuna de América, _c1911. |
||
| 300 |
_a36 páginas ; _c23 cm. |
||
| 336 |
_2rdacontent _atexto _btxt |
||
| 337 |
_2rdamedia _asin mediación _bn |
||
| 338 |
_2rdacarrier _avolumen _bnc |
||
| 500 | _aTesis | ||
| 590 | _aInventariado, 2024/BT | ||
| 910 | _aBtavárez | ||
| 942 |
_2ddc _cLF2 |
||
| 999 |
_c55676 _d55676 |
||